|
|
|
|
| LEADER |
00718nam a22002051a 4500 |
| 020 |
|
|
|a 9780000103406
|c 0.00
|
| 040 |
|
|
|a SSUS - Library - Kalady
|
| 082 |
|
|
|a M080 928 2
|b VIJ/P
|
| 100 |
|
|
|a Vijayan A
|
| 245 |
|
|
|a Pathu Balakathakal
|h [Text]
|
| 260 |
|
|
|a Kottayam
|b Sahitya Pravartaka Co-operative Society
|c 2008
|
| 300 |
|
|
|a 61p.
|
| 600 |
|
|
|a Children's Literature
|
| 600 |
|
|
|a Children's Literature Stories
|
| 600 |
|
|
|a Literature
|
| 600 |
|
|
|a Literature Malayalam
|
| 852 |
|
|
|h M080 928 2
|i VIJ/P
|p 065415
|9 50.00
|t 0
|
| 942 |
|
|
|c BK
|
| 999 |
|
|
|c 33865
|d 33865
|
| 952 |
|
|
|0 0
|1 0
|4 0
|6 M_080_928000000000000_2_VIJ_P
|7 0
|9 49179
|a SSUS
|b SSUS
|d 2015-01-08
|g 50.00
|l 3
|o M080 928 2 VIJ/P
|p 065415
|r 2018-03-27
|s 2018-02-22
|v 0.00
|w 2015-01-08
|y BK
|